000 00451nam a2200169Ia 4500
008 141014s9999||||xx |||||||||||||| ||und||
010 _a7393
020 _a978-9972-04-159-4
082 _a345.G.216
100 _aGarcia Cavero, Percy - Castillo Alva, Jose Luis
245 _aEl Delito de colusion
250 _aS/E
260 _aJurídica Grijley E.I.R.L PERÚ
_c2008
300 _a361 p
_c24 cm
650 _aDelitos de Colusion
942 _cBK
999 _c7543
_d7543